| 000 | 00590nam a2200169 i 4500 | ||
|---|---|---|---|
| 001 | 75317 | ||
| 003 | ES-MaACL | ||
| 007 | t| | ||
| 008 | 040923s1986 sp ||||1| spa d | ||
| 245 | 0 | 0 |
_aGran atlas de arqueología / _crealizado por Encyclopaedia Universalis ; traducción, Rosa Melián Busquets, Joaquín Ruiz de Argulo. |
| 260 |
_aBarcelona : _bEbrisa, _c1986. |
||
| 300 |
_a423 p. : _bil. ; _c37 cm. |
||
| 700 | 1 |
_aMelián Busquets, Rosa. _979964 |
|
| 700 | 1 |
_aRuiz de Argulo, Joaquín. _9100726 |
|
| 710 | 2 |
_aEncyclopaedia Universalis. _93473 |
|
| 852 |
_aES-MaACL _jB-8095 _bR.112677 |
||
| 999 |
_c75317 _d75317 |
||